|
|
|
|
| LEADER |
00000nam0a2200000 4500 |
| 001 |
361114 |
| 005 |
20231102011345.0 |
| 035 |
|
|
|a (RuTPU)RU\TPU\retro\18440
|
| 090 |
|
|
|a 361114
|
| 100 |
|
|
|a 20210526d1973 m y0rusy50 ca
|
| 101 |
0 |
|
|a rus
|
| 102 |
|
|
|a GE
|
| 105 |
|
|
|a a z 000zy
|
| 200 |
1 |
|
|a Гажа и ее применение
|f В. Г. Ткешелашвили
|
| 210 |
|
|
|a Тбилиси
|c Сабчота Сакартвело
|d 1973
|
| 215 |
|
|
|a 324 с.
|c ил.
|
| 606 |
1 |
|
|a Гажа
|2 stltpush
|3 (RuTPU)RU\TPU\subj\4527
|9 32788
|
| 610 |
1 |
|
|a применение
|
| 610 |
1 |
|
|a строительство
|
| 610 |
1 |
|
|a ремонт
|
| 610 |
1 |
|
|a вторичное использование
|
| 610 |
1 |
|
|a строительные материалы
|
| 675 |
|
|
|a 691.55
|v 4
|
| 700 |
|
1 |
|a Ткешелашвили
|b В. Г.
|
| 801 |
|
1 |
|a RU
|b 63413507
|c 20210526
|
| 801 |
|
2 |
|a RU
|b 63413507
|c 20210914
|g RCR
|
| 942 |
|
|
|c BK
|